The Role of Marketing in Corporations within the Post Communist Context: Perceptions of Marketing Managers in Czech Corporations

Bibliographic Details
Main Authors: Fischer, Jakub, 1978- (Author), Karlíček, Miroslav, 1979- (Author), Chytková, Zuzana (Author)
Format: Article
Language:English

MARC

LEADER 00000nab a2200000uu 4500
001 vtls011503111
003 SK-MaSNL
005 20260303203017.0
008 230222|2013 xo |||||||||||||||||eng|
015 |a SNBRB 
035 |a (urnnbn)urn:nbn:sk:snk:ar-a0aiju 
035 |a (uuid)94238374-609a-463c-a0df-adc5a91a34e0 
035 |a urn:nbn:sk:snk-abdx2f 
040 |a SNKBUCL  |b slo  |c SNKBUCL  |e AACR2 
041 0 |a eng 
044 |a xo  |c SK 
100 1 |a Fischer, Jakub,  |d 1978-  |4 aut  |9 185195 
245 1 4 |a The Role of Marketing in Corporations within the Post Communist Context: Perceptions of Marketing Managers in Czech Corporations  |c Jakub Fischer, Miroslav Karlíček, Zuzana Chytková 
700 1 |a Karlíček, Miroslav,  |d 1979-  |4 aut  |9 135601 
700 1 |a Chytková, Zuzana  |4 aut  |9 1235140 
773 0 |t Studia commercialia Bratislavensia : vedecký časopis Obchodnej fakulty Ekonomickej univerzity v Bratislave  |g Roč. 6, č. 1 2013 (2013), s. 45-55 
958 |a OND 
958 |a EUIPO 
958 |a article20 
999 |c 2183166  |d 2185096